| 000 | 00435cam a2200205 4500 | ||
|---|---|---|---|
| 001 | D14657 | ||
| 008 | 090401t1950 xxu||||| |||| 00| 0 eng d | ||
| 035 | _a(Sirsi) u94807 | ||
| 041 | _aeng | ||
| 050 | _a526.8 | ||
| 100 | _aD`Agapeyeff, Alexander | ||
| 245 | _aMaps | ||
| 250 | _a2nd | ||
| 260 |
_aOxford _bOUP _c1950 |
||
| 300 | _a200p. 19cm | ||
| 350 | _a0.3 | ||
| 700 | _aHadfield, E. | ||
| 942 | _n0 | ||
| 948 | _c04/03/1997 | ||
| 999 |
_c98193 _d98193 |
||